| 000 | 01984nam0a2200409 4500 | ||
|---|---|---|---|
| 001 | RU\NLR\bibl\1125903 | ||
| 005 | 20250615065959.0 | ||
| 010 | _a978-5-8459-1241-1 | ||
| 021 |
_aRU _b2007-50614 _92677 |
||
| 035 | _a(nilc)RSL-KNO-003151125 | ||
| 035 | _a(NLR Aleph) 001112846 | ||
| 090 |
_a1249107 _c1249107 |
||
| 100 | _a20070813d2007 |||y0rusy50 ca | ||
| 101 | 0 | _arus | |
| 102 | _aRU | ||
| 105 | _aa zzzz||||| | ||
| 200 | 1 |
_aMicrosoft Windows Vista _fО. А. Меженный |
|
| 210 |
_aМосква [и др] _cДиалектика _d2007 |
||
| 215 |
_a328 с. _cил. _d20 |
||
| 225 | 1 | _aКраткое руководство | |
| 225 | 1 | _aЛаконично, доступно, эффективно! | |
| 320 | _aПредм. указ.: с. 326-328 | ||
| 606 | 1 |
_aMICROSOFT WINDOWS VISTA, операционная система _92431483 _3RU\NLR\auth\661447212 |
|
| 610 | 0 | _aВычислительная техника -- Вычислительные машины электронные цифровые -- Персональные компьютеры -- Программирование -- Операционные системы -- Пособие для специалистов | |
| 610 | 0 | _aMicrosoft Windows Vista | |
| 610 | 0 | _aВычислительная техника -- Вычислительные машины электронные цифровые -- Персональные компьютеры -- Эксплуатация -- Управление, работа на машинах и аппаратах -- Пособие для специалистов | |
| 686 |
_aЗ973.26-018.2,07 _2rubbk |
||
| 686 |
_aЗ973.26-082.02,07 _2rubbk |
||
| 686 | _aЗ973.23-018.2 | ||
| 700 | 1 |
_aМеженный _bО. А. _gОлег Анисимович _4070 |
|
| 801 | 0 |
_aRU _bРКП _c20070813 _grcr |
|
| 801 | 1 |
_aRU _bРГБ _c20070813 |
|
| 801 | 2 |
_aRU _bNLR _c20070910 _grcr |
|
| 830 | _aАвт. по кн. | ||
| 942 | _cBOOK | ||
| 980 | _aNB | ||